Statistics for The Flash (CW) Main Villains

Click here to take the quiz!

General Stats

  • This quiz has been taken 39 times
  • The average score is 6 of 9

Answer Stats

SeasonMain Villain% Correct
1Reverse Flash/Eobard Thawne/Dr. Wells
100%
2Zoom/Hunter Zolomon
92%
3Savitar
75%
4The Thinker
72%
5Cicada
67%
7Godspeed
50%
9Red Death & Cobalt Blue
44%
8Reverse Flash & Death Storm
39%
6Dr. Ramsey/Bloodwork
36%

Score Distribution

Percentile by Number Answered

Percent of People with Each Score

Your Score History

You have not taken this quiz